{"text_format":"3","workbook":"xlsx","n_sheets":3,"sheets":["美尔雅公司路段电缆井改造","桂林南路供热管网改造","人民广场90米电缆沟加固"],"read":"whole","date_system":"1900"}

{"sheet":"美尔雅公司路段电缆井改造","index":0,"n_rows":280,"n_cols":11,"rows_kept":280,"merged":[[0,0,0,10],[1,0,1,4],[1,5,1,7],[1,8,1,10],[2,0,4,0],[2,1,4,1],[2,2,4,2],[2,3,4,3],[2,4,4,5],[2,6,4,6],[2,7,2,10],[3,7,4,8],[3,9,4,9],[5,4,5,5],[5,7,5,8],[6,4,6,5],[6,7,6,8],[7,4,7,5],[7,7,7,8],[8,4,8,5],[8,7,8,8],[9,4,9,5],[9,7,9,8],[10,4,10,5],[10,7,10,8],[11,4,11,5],[11,7,11,8],[12,4,12,5],[12,7,12,8],[13,4,13,5],[13,7,13,8],[14,4,14,5],[14,7,14,8],[15,4,15,5],[15,7,15,8],[16,4,16,5],[16,7,16,8],[17,4,17,5],[17,7,17,8],[18,4,18,5],[18,7,18,8],[19,4,19,5],[19,7,19,8],[20,4,20,5],[20,7,20,8],[21,4,21,5],[21,7,21,8],[22,4,22,5],[22,7,22,8],[23,4,23,5],[23,7,23,8],[24,0,24,8],[25,0,25,10],[26,0,26,4],[26,5,26,7],[26,8,26,10],[27,0,27,10],[28,0,28,4],[28,5,28,7],[28,8,28,10],[29,0,31,0],[29,1,31,1],[29,2,31,2],[29,3,31,3],[29,4,31,5],[29,6,31,6],[29,7,29,10],[30,7,31,8],[30,9,31,9],[32,4,32,5],[32,7,32,8],[33,4,33,5],[33,7,33,8],[34,4,34,5],[34,7,34,8],[35,4,35,5],[35,7,35,8],[36,4,36,5],[36,7,36,8],[37,4,37,5],[37,7,37,8],[38,4,38,5],[38,7,38,8],[39,4,39,5],[39,7,39,8],[40,4,40,5],[40,7,40,8],[41,4,41,5],[41,7,41,8],[42,4,42,5],[42,7,42,8],[43,4,43,5],[43,7,43,8],[44,4,44,5],[44,7,44,8],[45,4,45,5],[45,7,45,8],[46,4,46,5],[46,7,46,8],[47,4,47,5],[47,7,47,8],[48,4,48,5],[48,7,48,8],[49,4,49,5],[49,7,49,8],[50,4,50,5],[50,7,50,8],[51,0,51,8],[52,0,52,10],[53,0,53,4],[53,5,53,7],[53,8,53,10],[54,0,54,10],[55,0,55,4],[55,5,55,7],[55,8,55,10],[56,0,58,0],[56,1,58,1],[56,2,58,2],[56,3,58,3],[56,4,58,5],[56,6,58,6],[56,7,56,10],[57,7,58,8],[57,9,58,9],[59,4,59,5],[59,7,59,8],[60,4,60,5],[60,7,60,8],[61,4,61,5],[61,7,61,8],[62,4,62,5],[62,7,62,8],[63,4,63,5],[63,7,63,8],[64,4,64,5],[64,7,64,8],[65,4,65,5],[65,7,65,8],[66,4,66,5],[66,7,66,8],[67,4,67,5],[67,7,67,8],[68,4,68,5],[68,7,68,8],[69,4,69,5],[69,7,69,8],[70,4,70,5],[70,7,70,8],[71,4,71,5],[71,7,71,8],[72,4,72,5],[72,7,72,8],[73,4,73,5],[73,7,73,8],[74,4,74,5],[74,7,74,8],[75,4,75,5],[75,7,75,8],[76,0,76,8],[77,0,77,10],[78,0,78,4],[78,5,78,7],[78,8,78,10],[79,0,79,10],[80,0,80,4],[80,5,80,7],[80,8,80,10],[81,0,83,0],[81,1,83,1],[81,2,83,2],[81,3,83,3],[81,4,83,5],[81,6,83,6],[81,7,81,10],[82,7,83,8],[82,9,83,9],[84,4,84,5],[84,7,84,8],[85,4,85,5],[85,7,85,8],[86,4,86,5],[86,7,86,8],[87,4,87,5],[87,7,87,8],[88,4,88,5],[88,7,88,8],[89,4,89,5],[89,7,89,8],[90,4,90,5],[90,7,90,8],[91,4,91,5],[91,7,91,8],[92,4,92,5],[92,7,92,8],[93,4,93,5],[93,7,93,8],[94,4,94,5],[94,7,94,8],[95,4,95,5],[95,7,95,8],[96,4,96,5],[96,7,96,8],[97,4,97,5],[97,7,97,8],[98,4,98,5],[98,7,98,8],[99,0,99,8],[100,0,100,10],[101,0,101,4],[101,5,101,7],[101,8,101,10],[102,0,102,10],[103,0,103,4],[103,5,103,7],[103,8,103,10],[104,0,106,0],[104,1,106,1],[104,2,106,2],[104,3,106,3],[104,4,106,5],[104,6,106,6],[104,7,104,10],[105,7,106,8],[105,9,106,9],[107,4,107,5],[107,7,107,8],[108,4,108,5],[108,7,108,8],[109,4,109,5],[109,7,109,8],[110,4,110,5],[110,7,110,8],[111,4,111,5],[111,7,111,8],[112,4,112,5],[112,7,112,8],[113,4,113,5],[113,7,113,8],[114,4,114,5],[114,7,114,8],[115,4,115,5],[115,7,115,8],[116,4,116,5],[116,7,116,8],[117,4,117,5],[117,7,117,8],[118,4,118,5],[118,7,118,8],[119,4,119,5],[119,7,119,8],[120,4,120,5],[120,7,120,8],[121,4,121,5],[121,7,121,8],[122,4,122,5],[122,7,122,8],[123,4,123,5],[123,7,123,8],[124,0,124,8],[125,0,125,10],[126,0,126,4],[126,5,126,7],[126,8,126,10],[127,0,127,10],[128,0,128,4],[128,5,128,7],[128,8,128,10],[129,0,131,0],[129,1,131,1],[129,2,131,2],[129,3,131,3],[129,4,131,5],[129,6,131,6],[129,7,129,10],[130,7,131,8],[130,9,131,9],[132,4,132,5],[132,7,132,8],[133,4,133,5],[133,7,133,8],[134,4,134,5],[134,7,134,8],[135,4,135,5],[135,7,135,8],[136,4,136,5],[136,7,136,8],[137,4,137,5],[137,7,137,8],[138,4,138,5],[138,7,138,8],[139,4,139,5],[139,7,139,8],[140,4,140,5],[140,7,140,8],[141,4,141,5],[141,7,141,8],[142,4,142,5],[142,7,142,8],[143,4,143,5],[143,7,143,8],[144,4,144,5],[144,7,144,8],[145,4,145,5],[145,7,145,8],[146,4,146,5],[146,7,146,8],[147,4,147,5],[147,7,147,8],[148,4,148,5],[148,7,148,8],[149,4,149,5],[149,7,149,8],[150,0,150,8],[151,0,151,10],[152,0,152,4],[152,5,152,7],[152,8,152,10],[153,0,153,10],[154,0,154,4],[154,5,154,7],[154,8,154,10],[155,0,157,0],[155,1,157,1],[155,2,157,2],[155,3,157,3],[155,4,157,5],[155,6,157,6],[155,7,155,10],[156,7,157,8],[156,9,157,9],[158,4,158,5],[158,7,158,8],[159,4,159,5],[159,7,159,8],[160,4,160,5],[160,7,160,8],[161,4,161,5],[161,7,161,8],[162,4,162,5],[162,7,162,8],[163,4,163,5],[163,7,163,8],[164,4,164,5],[164,7,164,8],[165,4,165,5],[165,7,165,8],[166,4,166,5],[166,7,166,8],[167,4,167,5],[167,7,167,8],[168,4,168,5],[168,7,168,8],[169,4,169,5],[169,7,169,8],[170,4,170,5],[170,7,170,8],[171,4,171,5],[171,7,171,8],[172,4,172,5],[172,7,172,8],[173,4,173,5],[173,7,173,8],[174,0,174,8],[175,0,175,10],[176,0,176,4],[176,5,176,7],[176,8,176,10],[177,0,177,10],[178,0,178,4],[178,5,178,7],[178,8,178,10],[179,0,181,0],[179,1,181,1],[179,2,181,2],[179,3,181,3],[179,4,181,5],[179,6,181,6],[179,7,179,10],[180,7,181,8],[180,9,181,9],[182,4,182,5],[182,7,182,8],[183,4,183,5],[183,7,183,8],[184,4,184,5],[184,7,184,8],[185,4,185,5],[185,7,185,8],[186,4,186,5],[186,7,186,8],[187,4,187,5],[187,7,187,8],[188,4,188,5],[188,7,188,8],[189,4,189,5],[189,7,189,8],[190,4,190,5],[190,7,190,8],[191,4,191,5],[191,7,191,8],[192,4,192,5],[192,7,192,8],[193,4,193,5],[193,7,193,8],[194,4,194,5],[194,7,194,8],[195,4,195,5],[195,7,195,8],[196,4,196,5],[196,7,196,8],[197,4,197,5],[197,7,197,8],[198,4,198,5],[198,7,198,8],[199,0,199,8],[200,0,200,10],[201,0,201,4],[201,5,201,7],[201,8,201,10],[202,0,202,10],[203,0,203,4],[203,5,203,7],[203,8,203,10],[204,0,206,0],[204,1,206,1],[204,2,206,2],[204,3,206,3],[204,4,206,5],[204,6,206,6],[204,7,204,10],[205,7,206,8],[205,9,206,9],[207,4,207,5],[207,7,207,8],[208,4,208,5],[208,7,208,8],[209,4,209,5],[209,7,209,8],[210,4,210,5],[210,7,210,8],[211,4,211,5],[211,7,211,8],[212,4,212,5],[212,7,212,8],[213,4,213,5],[213,7,213,8],[214,4,214,5],[214,7,214,8],[215,4,215,5],[215,7,215,8],[216,4,216,5],[216,7,216,8],[217,4,217,5],[217,7,217,8],[218,4,218,5],[218,7,218,8],[219,4,219,5],[219,7,219,8],[220,4,220,5],[220,7,220,8],[221,4,221,5],[221,7,221,8],[222,4,222,5],[222,7,222,8],[223,4,223,5],[223,7,223,8],[224,0,224,8],[225,0,225,10],[226,0,226,4],[226,5,226,7],[226,8,226,10],[227,0,227,10],[228,0,228,4],[228,5,228,7],[228,8,228,10],[229,0,231,0],[229,1,231,1],[229,2,231,2],[229,3,231,3],[229,4,231,5],[229,6,231,6],[229,7,229,10],[230,7,231,8],[230,9,231,9],[232,4,232,5],[232,7,232,8],[233,4,233,5],[233,7,233,8],[234,4,234,5],[234,7,234,8],[235,4,235,5],[235,7,235,8],[236,4,236,5],[236,7,236,8],[237,4,237,5],[237,7,237,8],[238,4,238,5],[238,7,238,8],[239,4,239,5],[239,7,239,8],[240,4,240,5],[240,7,240,8],[241,4,241,5],[241,7,241,8],[242,4,242,5],[242,7,242,8],[243,4,243,5],[243,7,243,8],[244,0,244,8],[245,0,245,10],[246,0,246,4],[246,5,246,7],[246,8,246,10],[247,0,247,10],[248,0,248,4],[248,5,248,7],[248,8,248,10],[249,0,251,0],[249,1,251,1],[249,2,251,2],[249,3,251,3],[249,4,251,5],[249,6,251,6],[249,7,249,10],[250,7,251,8],[250,9,251,9],[252,4,252,5],[252,7,252,8],[253,4,253,5],[253,7,253,8],[254,4,254,5],[254,7,254,8],[255,4,255,5],[255,7,255,8],[256,4,256,5],[256,7,256,8],[257,4,257,5],[257,7,257,8],[258,4,258,5],[258,7,258,8],[259,4,259,5],[259,7,259,8],[260,4,260,5],[260,7,260,8],[261,4,261,5],[261,7,261,8],[262,4,262,5],[262,7,262,8],[263,4,263,5],[263,7,263,8],[264,4,264,5],[264,7,264,8],[265,4,265,5],[265,7,265,8],[266,4,266,5],[266,7,266,8],[267,4,267,5],[267,7,267,8],[268,4,268,5],[268,7,268,8],[269,4,269,5],[269,7,269,8],[270,4,270,5],[270,7,270,8],[271,4,271,5],[271,7,271,8],[272,4,272,5],[272,7,272,8],[273,4,273,5],[273,7,273,8],[274,4,274,5],[274,7,274,8],[275,4,275,5],[275,7,275,8],[276,0,276,8],[277,0,277,8],[278,0,278,10],[279,0,279,4],[279,5,279,7],[279,8,279,10]]}
["分部分项工程和单价措施项目清单与计价表"]
["工程名称：美尔雅公司路段电缆井改造",{"$nulls":4},"标段：人民广场电缆沟加固工程",null,null,"第 1 页  共 11 页"]
["序号","项目编码","项目名称","项目特征描述","计量单位",null,"工程量","金额（元）"]
[{"$nulls":7},"综合单价",null,"合价","其中"]
[{"$nulls":10},"暂估价"]
[null,null,"电缆井盖改造部分"]
[null,null,"2.4*1.5电缆1#井加固"]
[1,"011602002001","钢筋混凝土构件拆除","井扩宽，拆除钢筋混凝土路面并恢复","m3",null,0.62,270.69,null,167.83]
[2,"040103002001","余方弃置","1.路面拆除沥青及混凝土破块外运\n2.运距15KM","m3",null,0.62]
[3,"010505002001","无梁板","钢筋混凝土井盖板  C30砼  厚度30cm","m3",null,0.31]
[4,"011702015001","无梁板","电缆沟沿模板，胶合板模板，3.6米以内钢支撑","m2",null,11.15]
[5,"010515001001","现浇构件钢筋","井盖现浇构件钢筋及爬梯钢筋","t",null,0.66]
[6,"010515001002","现浇构件钢筋","人孔环筋","t",null,0.039]
[7,"010515001003","现浇构件钢筋","人孔环筋","t",null,0.006]
[8,"040504002001","混凝土井","铸铁人孔盖板","座",null,1]
[9,"011101006001","平面砂浆找平层","混凝土井盖水泥砂浆找平   硬基层上20mm","m2",null,10.23]
[10,"011301001001","天棚抹灰","井盖内侧抹灰，一次抹灰10mm，实际厚度20mm","m2",null,1.95]
[null,null,"分部小计"]
[null,null,"2*1.5电缆2#井加固"]
[11,"011602002002","钢筋混凝土构件拆除","井扩宽，拆除钢筋混凝土路面并恢复","m3",null,0.56]
[12,"040103002002","余方弃置","1.路面拆除沥青及混凝土破块外运\n2.运距15KM","m3",null,0.56]
[13,"010505002002","无梁板","钢筋混凝土井盖板  C30砼  厚度30cm","m3",null,0.09]
[14,"011702015002","无梁板","电缆沟沿模板，胶合板模板，3.6米以内钢支撑","m2",null,10.15]
[15,"010515001004","现浇构件钢筋","井盖现浇构件钢筋及爬梯钢筋","t",null,0.554]
["本页小计"]
["注：为计取规费等的使用，可在表中增设其中：“定额人工费”。"]
[{"$nulls":8},"表—08"]
["分部分项工程和单价措施项目清单与计价表"]
["工程名称：美尔雅公司路段电缆井改造",{"$nulls":4},"标段：人民广场电缆沟加固工程",null,null,"第 2 页  共 11 页"]
["序号","项目编码","项目名称","项目特征描述","计量单位",null,"工程量","金额（元）"]
[{"$nulls":7},"综合单价",null,"合价","其中"]
[{"$nulls":10},"暂估价"]
[16,"010515001005","现浇构件钢筋","人孔环筋","t",null,0.039]
[17,"010515001006","现浇构件钢筋","人孔环筋","t",null,0.006]
[18,"040504002002","混凝土井","铸铁人孔盖板","座",null,1]
[19,"011101006002","平面砂浆找平层","混凝土井盖水泥砂浆找平   硬基层上20mm","m2",null,9.23]
[20,"011301001002","天棚抹灰","井盖内侧抹灰，一次抹灰10mm，实际厚度20mm","m2",null,1.35]
[null,null,"分部小计"]
[null,null,"3.5*1.5电缆3#井井加固"]
[21,"011602002003","钢筋混凝土构件拆除","井扩宽，拆除钢筋混凝土路面并恢复","m3",null,0.8]
[22,"040103002003","余方弃置","1.路面拆除沥青及混凝土破块外运\n2.运距15KM","m3",null,0.8]
[23,"010505002003","无梁板","钢筋混凝土井盖板  C30砼  厚度30cm","m3",null,0.94]
[24,"011702015003","无梁板","电缆沟沿模板，胶合板模板，3.6米以内钢支撑","m2",null,12.9]
[25,"010515001007","现浇构件钢筋","井盖现浇构件钢筋及爬梯钢筋","t",null,1.094]
[26,"010515001008","现浇构件钢筋","人孔环筋","t",null,0.039]
[27,"010515001009","现浇构件钢筋","人孔环筋","t",null,0.006]
[28,"040504002003","混凝土井","铸铁人孔盖板","座",null,1]
[29,"011101006003","平面砂浆找平层","混凝土井盖水泥砂浆找平   硬基层上20mm","m2",null,13.17]
[30,"011301001003","天棚抹灰","井盖内侧抹灰，一次抹灰10mm，实际厚度20mm","m2",null,3.6]
[null,null,"分部小计"]
[null,null,"2.92*2.12电缆4#井加固"]
["本页小计"]
["注：为计取规费等的使用，可在表中增设其中：“定额人工费”。"]
[{"$nulls":8},"表—08"]
["分部分项工程和单价措施项目清单与计价表"]
["工程名称：美尔雅公司路段电缆井改造",{"$nulls":4},"标段：人民广场电缆沟加固工程",null,null,"第 3 页  共 11 页"]
["序号","项目编码","项目名称","项目特征描述","计量单位",null,"工程量","金额（元）"]
[{"$nulls":7},"综合单价",null,"合价","其中"]
[{"$nulls":10},"暂估价"]
[31,"030408001001","电缆井盖板拆除","电缆井盖板拆除","m",null,3.4]
[32,"170401002001","垫层","原电缆井内填充 碎石","m2",null,13.62]
[33,"010505002004","无梁板","钢筋混凝土井盖板  C30砼  厚度30cm","m3",null,2.65]
[34,"011702015004","无梁板","电缆沟沿模板，胶合板模板，3.6米以内钢支撑","m2",null,12.44]
[35,"010515001010","现浇构件钢筋","井盖现浇构件钢筋","t",null,1.063]
[36,"011101006004","平面砂浆找平层","混凝土井盖水泥砂浆找平   硬基层上20mm","m2",null,12.44]
[37,"011301001004","天棚抹灰","井盖内侧抹灰，一次抹灰10mm，实际厚度20mm","m2",null,6.19]
[null,null,"分部小计"]
[null,null,"3.52*1.74电缆5#井加固"]
[38,"010512008007","沟盖板、井盖板、井圈","1.名称：砼井圈\n2.混凝土强度等级:C30砼","m3",null,0.92]
[39,"010512008008","沟盖板、井盖板、井圈","1.名称：砼井盖板\n2.混凝土强度等级:C30砼","m3",null,1]
[40,"041102031001","管（渠）道平基模板","井盖板膜板  复合木模","m2",null,11.81]
[41,"040901001001","现浇构件钢筋（井圈箍筋）","1.钢筋种类:箍筋\n2.钢筋规格:箍筋 Φ6","t",null,0.016]
[42,"040901001002","现浇构件钢筋（井圈钢筋）","1.钢筋种类:带肋钢筋\n2.钢筋规格:带肋钢筋 直径12mm","t",null,0.294]
[43,"030408001002","电缆井盖板拆除","电缆井盖板拆除","m",null,3.52]
[44,"011201001001","墙面一般抹灰","1.墙体类型:混凝土墙\n2.井内壁抹灰\n3.砂浆配合比：1:2水泥砂浆","m2",null,4.63]
[45,"011201001002","墙面一般抹灰","1.墙体类型:混凝土墙\n2.井外壁抹灰\n3.砂浆配合比：1:2水泥砂浆","m2",null,4.25]
["本页小计"]
["注：为计取规费等的使用，可在表中增设其中：“定额人工费”。"]
[{"$nulls":8},"表—08"]
["分部分项工程和单价措施项目清单与计价表"]
["工程名称：美尔雅公司路段电缆井改造",{"$nulls":4},"标段：人民广场电缆沟加固工程",null,null,"第 4 页  共 11 页"]
["序号","项目编码","项目名称","项目特征描述","计量单位",null,"工程量","金额（元）"]
[{"$nulls":7},"综合单价",null,"合价","其中"]
[{"$nulls":10},"暂估价"]
[46,"010606013001","零星钢构件","1.构件名称:盖板角钢L50*5包边加上井内沿","t",null,0.347]
[null,null,"分部小计"]
[null,null,"2*1.5*1.55电缆井（5#新增加井）"]
[47,"040101003001","挖基坑土方","1.土壤类别:三类土\n2.挖土深度:详设计","m3",null,24.5]
[48,"010103001001","回填方","1.密实度要求:达到规范要求\n2.填方材料品种:回填土\n3.填方粒径要求:达到设计规范要求\n4.填方来源、运距:原土回填","m3",null,15.93]
[49,"040103002004","余方弃置","1.路面拆除沥青及混凝土破块外运\n2.运距10KM","m3",null,8.57]
[50,"040504001006","砌筑井","混凝土垫层  C15砼 厚度15cm","座",null,1]
[51,"041102031002","管（渠）道平基模板","基础垫层模板  木模","m2",null,1.53]
[52,"040504001007","砌筑井","1.砌筑材料品种、规格、强度等级:MU15灰砂砖240mm*115mm*53mm\n2.砂浆强度等级、配合比:M7.5水泥砂浆","座",null,1]
[53,"010512008009","沟盖板、井盖板、井圈","1.名称：砼井盖板\n2.混凝土强度等级:C30砼","m3",null,0.47]
[54,"041102033001","井顶（盖）板模板","井盖板模板，复合木模","m2",null,6]
[55,"010512008010","沟盖板、井盖板、井圈","1.名称：砼井圈\n2.混凝土强度等级:C30砼","m3",null,0.65]
[56,"041102031003","管（渠）道平基模板","井圈模板，复合木模","m2",null,6.02]
[57,"040901001003","现浇构件钢筋（井圈箍筋）","1.钢筋种类:箍筋\n2.钢筋规格:箍筋 Φ6","t",null,0.013]
[58,"040901001004","现浇构件钢筋（井圈钢筋）","1.钢筋种类:带肋钢筋\n2.钢筋规格:带肋钢筋 直径12mm","t",null,0.127]
["本页小计"]
["注：为计取规费等的使用，可在表中增设其中：“定额人工费”。"]
[{"$nulls":8},"表—08"]
["分部分项工程和单价措施项目清单与计价表"]
["工程名称：美尔雅公司路段电缆井改造",{"$nulls":4},"标段：人民广场电缆沟加固工程",null,null,"第 5 页  共 11 页"]
["序号","项目编码","项目名称","项目特征描述","计量单位",null,"工程量","金额（元）"]
[{"$nulls":7},"综合单价",null,"合价","其中"]
[{"$nulls":10},"暂估价"]
[59,"011201001003","墙面一般抹灰","1.墙体类型:砖墙\n2.井内壁抹灰\n3.砂浆配合比：1:2水泥砂浆","m2",null,10.85]
[60,"011201001004","墙面一般抹灰","1.墙体类型:砖墙\n2.井外壁抹灰\n3.砂浆配合比：1:2水泥砂浆","m2",null,12.34]
[61,"011201001005","墙面一般抹灰","1.名称：井底抹灰\n2.砂浆配合比：1:2水泥砂浆","m2",null,3]
[62,"040201023001","盲沟","1.材料品种、规格:Φ200PVC渗水管","m",null,0.25]
[63,"010606013002","零星钢构件","1.构件名称:盖板角钢L50*5包边加上井内沿","t",null,0.141]
[null,null,"分部小计"]
[null,null,"3.02*2.32电缆6#井加固"]
[64,"010512008011","沟盖板、井盖板、井圈","1.名称：砼井圈\n2.混凝土强度等级:C30砼","m3",null,0.92]
[65,"041102031004","管（渠）道平基模板","井圈模板，复合木模","m2",null,9.49]
[66,"010512008012","沟盖板、井盖板、井圈","1.名称：砼井盖板\n2.混凝土强度等级:C30砼","m3",null,1.17]
[67,"041102031005","管（渠）道平基模板","井盖板模板，复合木模","m2",null,13.44]
[68,"040901001005","现浇构件钢筋（井圈箍筋）","1.钢筋种类:箍筋\n2.钢筋规格:箍筋 Φ6","t",null,0.019]
[69,"040901001006","现浇构件钢筋（井圈钢筋）","1.钢筋种类:带肋钢筋\n2.钢筋规格:带肋钢筋 直径12mm","t",null,0.304]
[70,"030408001003","电缆井盖板拆除","电缆井盖板拆除","m",null,3.02]
[71,"011201001006","墙面一般抹灰","1.墙体类型:混凝土墙\n2.井内壁抹灰\n3.砂浆配合比：1:2水泥砂浆","m2",null,4.59]
[72,"011201001007","墙面一般抹灰","1.墙体类型:混凝土墙\n2.井外壁抹灰\n3.砂浆配合比：1:2水泥砂浆","m2",null,4.31]
[73,"010606013003","零星钢构件","1.构件名称:盖板角钢L50*5包边加上井内沿","t",null,0.249]
["本页小计"]
["注：为计取规费等的使用，可在表中增设其中：“定额人工费”。"]
[{"$nulls":8},"表—08"]
["分部分项工程和单价措施项目清单与计价表"]
["工程名称：美尔雅公司路段电缆井改造",{"$nulls":4},"标段：人民广场电缆沟加固工程",null,null,"第 6 页  共 11 页"]
["序号","项目编码","项目名称","项目特征描述","计量单位",null,"工程量","金额（元）"]
[{"$nulls":7},"综合单价",null,"合价","其中"]
[{"$nulls":10},"暂估价"]
[null,null,"分部小计"]
[null,null,"2.52*1.52电缆7#井加固"]
[74,"010512008013","沟盖板、井盖板、井圈","1.名称：砼井圈\n2.混凝土强度等级:C30砼","m3",null,0.71]
[75,"041102031006","管（渠）道平基模板","井圈模板，复合木模","m2",null,7.44]
[76,"010512008014","沟盖板、井盖板、井圈","1.名称：砼井盖板\n2.混凝土强度等级:C30砼","m3",null,0.64]
[77,"041102033002","井顶（盖）板模板",null,"m2",null,7.65]
[78,"040901001007","现浇构件钢筋（井圈箍筋）","1.钢筋种类:箍筋\n2.钢筋规格:箍筋 Φ6","t",null,0.014]
[79,"040901001008","现浇构件钢筋（井圈钢筋）","1.钢筋种类:带肋钢筋\n2.钢筋规格:带肋钢筋 直径12mm","t",null,0.209]
[80,"030408001004","电缆井盖板拆除","电缆井盖板拆除","m",null,3]
[81,"011201001008","墙面一般抹灰","1.墙体类型:混凝土墙\n2.井内壁抹灰\n3.砂浆配合比：1:2水泥砂浆","m2",null,3.52]
[82,"011201001009","墙面一般抹灰","1.墙体类型:混凝土墙\n2.井外壁抹灰\n3.砂浆配合比：1:2水泥砂浆","m2",null,3.7]
[83,"010606013004","零星钢构件","1.构件名称:盖板角钢L50*5包边加上井内沿","t",null,0.322]
[null,null,"分部小计"]
[null,null,"3.02*1.02电缆8#井加固"]
[84,"010512008015","沟盖板、井盖板、井圈","1.名称：砼井圈\n2.混凝土强度等级:C30砼","m3",null,0.69]
[85,"041102031007","管（渠）道平基模板","井圈模板  复合木模","m2",null,7.56]
[86,"010512008016","沟盖板、井盖板、井圈","1.名称：砼井盖板\n2.混凝土强度等级:C30砼","m3",null,0.55]
[87,"041102033003","井顶（盖）板模板","就给你模板  复合木模","m2",null,6.81]
["本页小计"]
["注：为计取规费等的使用，可在表中增设其中：“定额人工费”。"]
[{"$nulls":8},"表—08"]
["分部分项工程和单价措施项目清单与计价表"]
["工程名称：美尔雅公司路段电缆井改造",{"$nulls":4},"标段：人民广场电缆沟加固工程",null,null,"第 7 页  共 11 页"]
["序号","项目编码","项目名称","项目特征描述","计量单位",null,"工程量","金额（元）"]
[{"$nulls":7},"综合单价",null,"合价","其中"]
[{"$nulls":10},"暂估价"]
[88,"040901001009","现浇构件钢筋（井圈箍筋）","1.钢筋种类:箍筋\n2.钢筋规格:箍筋 Φ6","t",null,0.015]
[89,"040901001010","现浇构件钢筋（井圈钢筋）","1.钢筋种类:带肋钢筋\n2.钢筋规格:带肋钢筋 直径12mm","t",null,0.222]
[90,"030408001005","电缆井盖板拆除","电缆井盖板拆除","m",null,3.02]
[91,"011201001010","墙面一般抹灰","1.墙体类型:混凝土墙\n2.井内壁抹灰\n3.砂浆配合比：1:2水泥砂浆","m2",null,3.62]
[92,"011201001011","墙面一般抹灰","1.墙体类型:混凝土墙\n2.井外壁抹灰\n3.砂浆配合比：1:2水泥砂浆","m2",null,3.7]
[93,"010606013005","零星钢构件","1.构件名称:盖板角钢L50*5包边加上井内沿","t",null,0.186]
[null,null,"分部小计"]
[null,null,"1.32*0.72电缆9#井加固"]
[94,"010512008017","沟盖板、井盖板、井圈","1.名称：砼井圈\n2.混凝土强度等级:C30砼","m3",null,0.39]
[95,"041102031008","管（渠）道平基模板","井圈模板  复合木模","m2",null,4.18]
[96,"010512008018","沟盖板、井盖板、井圈","1.名称：砼井盖板\n2.混凝土强度等级:C30砼","m3",null,0.17]
[97,"041102033004","井顶（盖）板模板","井盖板模板  复合木模","m2",null,2.47]
[98,"040901001011","现浇构件钢筋（井圈箍筋）","1.钢筋种类:箍筋\n2.钢筋规格:箍筋 Φ6","t",null,0.009]
[99,"040901001012","现浇构件钢筋（井圈钢筋）","1.钢筋种类:带肋钢筋\n2.钢筋规格:带肋钢筋 直径12mm","t",null,0.066]
[100,"030408001006","电缆井盖板拆除","电缆井盖板拆除","m",null,3.02]
[101,"011201001012","墙面一般抹灰","1.墙体类型:混凝土墙\n2.井内壁抹灰\n3.砂浆配合比：1:2水泥砂浆","m2",null,1.79]
["本页小计"]
["注：为计取规费等的使用，可在表中增设其中：“定额人工费”。"]
[{"$nulls":8},"表—08"]
["分部分项工程和单价措施项目清单与计价表"]
["工程名称：美尔雅公司路段电缆井改造",{"$nulls":4},"标段：人民广场电缆沟加固工程",null,null,"第 8 页  共 11 页"]
["序号","项目编码","项目名称","项目特征描述","计量单位",null,"工程量","金额（元）"]
[{"$nulls":7},"综合单价",null,"合价","其中"]
[{"$nulls":10},"暂估价"]
[102,"011201001013","墙面一般抹灰","1.墙体类型:混凝土墙\n2.井外壁抹灰\n3.砂浆配合比：1:2水泥砂浆","m2",null,2.22]
[103,"010606013006","零星钢构件","1.构件名称:盖板角钢L50*5包边加上井内沿","t",null,0.147]
[null,null,"分部小计"]
[null,null,"3.12*1.02电缆10#井加固"]
[104,"010512008019","沟盖板、井盖板、井圈","1.名称：砼井圈\n2.混凝土强度等级:C30砼","m3",null,0.71]
[105,"041102031009","管（渠）道平基模板","井圈模板  复合木模","m2",null,7.74]
[106,"010512008020","沟盖板、井盖板、井圈","1.名称：砼井盖板\n2.混凝土强度等级:C30砼","m3",null,0.64]
[107,"041102033005","井顶（盖）板模板","井盖板模板  复合木模","m2",null,7.94]
[108,"040901001013","现浇构件钢筋（井圈箍筋）","1.钢筋种类:箍筋\n2.钢筋规格:箍筋 Φ6","t",null,0.016]
[109,"040901001014","现浇构件钢筋（井圈钢筋）","1.钢筋种类:带肋钢筋\n2.钢筋规格:带肋钢筋 直径12mm","t",null,0.251]
[110,"030408001007","电缆井盖板拆除","电缆井盖板拆除","m",null,3.12]
[111,"011201001014","墙面一般抹灰","1.墙体类型:混凝土墙\n2.井内壁抹灰\n3.砂浆配合比：1:2水泥砂浆","m2",null,3.72]
[112,"011201001015","墙面一般抹灰","1.墙体类型:混凝土墙\n2.井外壁抹灰\n3.砂浆配合比：1:2水泥砂浆","m2",null,3.77]
[113,"010606013007","零星钢构件","1.构件名称:盖板角钢L50*5包边加上井内沿","t",null,0.204]
[null,null,"分部小计"]
[null,null,"2.32*1.32电缆11#井加固"]
[114,"010512008021","沟盖板、井盖板、井圈","1.名称：砼井圈\n2.混凝土强度等级:C30砼","m3",null,0.64]
["本页小计"]
["注：为计取规费等的使用，可在表中增设其中：“定额人工费”。"]
[{"$nulls":8},"表—08"]
["分部分项工程和单价措施项目清单与计价表"]
["工程名称：美尔雅公司路段电缆井改造",{"$nulls":4},"标段：人民广场电缆沟加固工程",null,null,"第 9 页  共 11 页"]
["序号","项目编码","项目名称","项目特征描述","计量单位",null,"工程量","金额（元）"]
[{"$nulls":7},"综合单价",null,"合价","其中"]
[{"$nulls":10},"暂估价"]
[115,"041102031010","管（渠）道平基模板","井圈模板  复合木模","m2",null,6.8]
[116,"010512008022","沟盖板、井盖板、井圈","1.名称：砼井盖板\n2.混凝土强度等级:C30砼","m3",null,0.54]
[117,"041102033006","井顶（盖）板模板","井盖板模板复合木模","m2",null,7.12]
[118,"040901001015","现浇构件钢筋（井圈箍筋）","1.钢筋种类:箍筋\n2.钢筋规格:箍筋 Φ6","t",null,0.013]
[119,"040901001016","现浇构件钢筋（井圈钢筋）","1.钢筋种类:带肋钢筋\n2.钢筋规格:带肋钢筋 直径12mm","t",null,0.253]
[120,"030408001008","电缆井盖板拆除","电缆井盖板拆除","m",null,3.02]
[121,"011201001016","墙面一般抹灰","1.墙体类型:混凝土墙\n2.井内壁抹灰\n3.砂浆配合比：1:2水泥砂浆","m2",null,3.18]
[122,"011201001017","墙面一般抹灰","1.墙体类型:混凝土墙\n2.井外壁抹灰\n3.砂浆配合比：1:2水泥砂浆","m2",null,3.4]
[123,"010606013008","零星钢构件","1.构件名称:盖板角钢L50*5包边加上井内沿","t",null,0.255]
[null,null,"分部小计"]
[null,null,"安全施工"]
[null,null,"分部小计"]
[null,null,"分部小计"]
[null,null,"台架变迁移"]
[124,"010501003001","独立基础","1.名称：φ230*12m电杆混凝土基础\n2.规格：根据电力设计典型设计","m3",null,1]
[125,"030410001001","电杆组立","1、名称：混凝土电杆组立\n2、规格：φ230×12m","基",null,1]
[126,"030410001002","电杆组立","1、名称：混凝土电杆组立\n2、规格：φ190×15m","基",null,1]
["本页小计"]
["注：为计取规费等的使用，可在表中增设其中：“定额人工费”。"]
[{"$nulls":8},"表—08"]
["分部分项工程和单价措施项目清单与计价表"]
["工程名称：美尔雅公司路段电缆井改造",{"$nulls":4},"标段：人民广场电缆沟加固工程",null,null,"第 10 页  共 11 页"]
["序号","项目编码","项目名称","项目特征描述","计量单位",null,"工程量","金额（元）"]
[{"$nulls":7},"综合单价",null,"合价","其中"]
[{"$nulls":10},"暂估价"]
[127,"030401001001","油浸电力变压器","1.名称:变压器利旧拆除移位恢复\n2.型号:S11-500\n3.容量（kV·A):500","台",null,1]
[128,"030404017001","配电箱","1.名称:综合一体配电箱拆除移位恢复\n2.型号:400kVA","台",null,1]
[129,"030410002001","横担组装","1.名称:变压器台架\n2.材质:镀锌角钢及镀锌扁钢\n3.规格:按设计图纸\n4.其它:包含各种型号角钢支架、抱箍、支撑、螺栓等","组",null,1]
[130,"030410002002","横担组装","1.名称:高压隔离刀闸支架\n2.材质:镀锌角钢及镀锌扁钢\n3.规格:按设计图纸\n4.其它:包含各种型号角钢支架、抱箍、支撑、螺栓等","组",null,1]
[131,"030410004001","杆上设备","1.名称:交流避雷器","组",null,1]
[132,"040801017001","跌落式熔断器","1.名称:跌落式熔断器","组",null,1]
[133,"03B001","绝缘护罩","1.名称:设备绝缘护罩","只",null,18]
[134,"030410002003","横担组装","1、名称：高压双横担\n2、规格：高压双担B3（含横担联铁、横担支架、螺栓）","组",null,2]
[135,"031103005001","装电杆附属装置","1、名称：针式绝缘子","只",null,4]
[136,"031103005002","装电杆附属装置","1、名称：三角顶箍\n2、规格：φ230（含抱箍、螺栓）\n3、单重：8.9kg","付",null,1]
[137,"031103005003","装电杆附属装置","1、名称：三角顶箍\n2、规格：φ190（含抱箍、螺栓）\n3、单重：6.1kg","付",null,1]
[138,"031103005004","装电杆附属装置","1、名称：金具\n2、规格：球头挂环 QP-7，碗头挂板 W-7B，直角挂板  Z-7","组",null,8]
["本页小计"]
["注：为计取规费等的使用，可在表中增设其中：“定额人工费”。"]
[{"$nulls":8},"表—08"]
["分部分项工程和单价措施项目清单与计价表"]
["工程名称：美尔雅公司路段电缆井改造",{"$nulls":4},"标段：人民广场电缆沟加固工程",null,null,"第 11 页  共 11 页"]
["序号","项目编码","项目名称","项目特征描述","计量单位",null,"工程量","金额（元）"]
[{"$nulls":7},"综合单价",null,"合价","其中"]
[{"$nulls":10},"暂估价"]
[139,"031103005005","装电杆附属装置","1、名称：金具\n2、规格：交流盘形悬式瓷绝缘子，U708/146,255,320","片",null,16]
[140,"080802013001","标识牌","1.名称：杆号牌","块",null,2]
[141,"080802013002","标识牌","1.名称：相位牌","块",null,3]
[142,"030408003001","电缆保护管","1.名称:电缆保护管\n2.规格:Φ110x4m(PE)","根"]
[143,"030409001001","接地极","1.名称:角钢接地极\n2.规格:L50*5","根",null,4]
[144,"030409002001","接地母线","1.名称:接地扁钢\n2.规格:-50x5","m",null,12]
[null,null,"分部小计"]
[null,null,"措施项目"]
[145,"011707001001","安全文明施工",null,"项",null,1]
[null,null,"分部小计"]
{"$rows_empty":14}
["本页小计"]
["合   计"]
["注：为计取规费等的使用，可在表中增设其中：“定额人工费”。"]
[{"$nulls":8},"表—08"]

{"sheet":"桂林南路供热管网改造","index":1,"n_rows":56,"n_cols":11,"rows_kept":56,"merged":[[0,0,0,10],[1,0,1,4],[1,5,1,7],[1,8,1,10],[2,0,4,0],[2,1,4,1],[2,2,4,2],[2,3,4,3],[2,4,4,5],[2,6,4,6],[2,7,2,10],[3,7,4,8],[3,9,4,9],[5,4,5,5],[5,7,5,8],[6,4,6,5],[6,7,6,8],[7,4,7,5],[7,7,7,8],[8,4,8,5],[8,7,8,8],[9,4,9,5],[9,7,9,8],[10,4,10,5],[10,7,10,8],[11,4,11,5],[11,7,11,8],[12,4,12,5],[12,7,12,8],[13,4,13,5],[13,7,13,8],[14,4,14,5],[14,7,14,8],[15,4,15,5],[15,7,15,8],[16,4,16,5],[16,7,16,8],[17,4,17,5],[17,7,17,8],[18,4,18,5],[18,7,18,8],[19,4,19,5],[19,7,19,8],[20,4,20,5],[20,7,20,8],[21,4,21,5],[21,7,21,8],[22,4,22,5],[22,7,22,8],[23,4,23,5],[23,7,23,8],[24,0,24,8],[25,0,25,10],[26,0,26,4],[26,5,26,7],[26,8,26,10],[27,0,27,10],[28,0,28,4],[28,5,28,7],[28,8,28,10],[29,0,31,0],[29,1,31,1],[29,2,31,2],[29,3,31,3],[29,4,31,5],[29,6,31,6],[29,7,29,10],[30,7,31,8],[30,9,31,9],[32,4,32,5],[32,7,32,8],[33,4,33,5],[33,7,33,8],[34,4,34,5],[34,7,34,8],[35,4,35,5],[35,7,35,8],[36,4,36,5],[36,7,36,8],[37,4,37,5],[37,7,37,8],[38,4,38,5],[38,7,38,8],[39,4,39,5],[39,7,39,8],[40,4,40,5],[40,7,40,8],[41,4,41,5],[41,7,41,8],[42,4,42,5],[42,7,42,8],[43,4,43,5],[43,7,43,8],[44,4,44,5],[44,7,44,8],[45,4,45,5],[45,7,45,8],[46,4,46,5],[46,7,46,8],[47,4,47,5],[47,7,47,8],[48,4,48,5],[48,7,48,8],[49,4,49,5],[49,7,49,8],[50,4,50,5],[50,7,50,8],[51,4,51,5],[51,7,51,8],[52,0,52,8],[53,0,53,8],[54,0,54,10],[55,0,55,4],[55,5,55,7],[55,8,55,10]]}
["分部分项工程和单价措施项目清单与计价表"]
["工程名称：桂林南路供热管网改造",{"$nulls":4},"标段：人民广场电缆沟加固工程",null,null,"第 1 页  共 2 页"]
["序号","项目编码","项目名称","项目特征描述","计量单位",null,"工程量","金额（元）"]
[{"$nulls":7},"综合单价",null,"合价","其中"]
[{"$nulls":10},"暂估价"]
[null,null,"管路部分"]
[1,"040501002001","钢管","外套螺旋管Φ219*7共2根15米","m",null,15,354.91,null,5323.65]
[2,"040501002002","钢管",null,"m",null,16,150.62,null,2409.92]
[3,"030809002001","高压法兰阀门","Φ57法兰截止阀安装2个","个",null,1,1644.16,null,1644.16]
[4,"030809002002","高压法兰阀门","Φ57法兰疏水阀安装一个","个",null,1,877.24,null,877.24]
[5,"031202002001","管道防腐蚀","外套管和内工作管除锈、防腐","m2",null,13,15.53,null,201.89]
[6,"031208002001","管道绝热","外套管保温安装","项",null,1,7785.1,null,7785.1]
[7,"010101003001","挖沟槽土方","挖管道沟土方15*1*1.6","m3",null,28.8,25.75,null,741.6]
[8,"040501002003","管道垫层","混凝土垫层，木模","项",null,1,1203.19,null,1203.19]
[9,"040803004001","管道包封",null,"m",null,7.5,886.97,null,6652.28]
[10,"010103001001","回填方",null,"m3",null,18.3,20.83,null,381.19]
[11,"010103002001","余方弃置",null,"m3",null,10.5,9.21,null,96.71]
[null,null,"分部小计",{"$nulls":6},27316.93]
[null,null,"2.65*1*1.55热力井一座（内含隔断）"]
[12,"010101003002","挖沟槽土方","1.土壤类别:三类土\n2.挖土深度:详设计","m3",null,11.67,6.55,null,76.44]
[13,"010103001002","回填方","原土回填","m3",null,1,51.96,null,51.96]
[14,"010103002002","余方弃置","余方弃置，运距10kM","m3",null,7.6,29.37,null,223.21]
[15,"040504001002","混凝土垫层","混凝土垫层  C15砼  厚度15cm","座",null,1,260.15,null,260.15]
[16,"041102031001","管（渠）道平基模板","垫层模板  木模","m2",null,0.92,31.61,null,29.08]
["本页小计",{"$nulls":8},27957.77]
["注：为计取规费等的使用，可在表中增设其中：“定额人工费”。"]
[{"$nulls":8},"表—08"]
["分部分项工程和单价措施项目清单与计价表"]
["工程名称：桂林南路供热管网改造",{"$nulls":4},"标段：人民广场电缆沟加固工程",null,null,"第 2 页  共 2 页"]
["序号","项目编码","项目名称","项目特征描述","计量单位",null,"工程量","金额（元）"]
[{"$nulls":7},"综合单价",null,"合价","其中"]
[{"$nulls":10},"暂估价"]
[17,"040504001003","砌筑井","2.65*1*1.55砖砌井一座，中间隔断高度0.8米","座",null,1]
[18,"010512008001","沟盖板、井盖板、井圈","1.名称：砼井盖板\n2.混凝土强度等级:C25砼","m3",null,0.54]
[19,"041102033001","井顶（盖）板模板","井盖板模板  复合木模","m2",null,7.92]
[20,"010512008002","沟盖板、井盖板、井圈","1.名称：砼井圈\n2.混凝土强度等级:C30砼","m3",null,0.35]
[21,"040901001001","现浇构件钢筋（井圈箍筋）","1.钢筋种类:箍筋\n2.钢筋规格:箍筋 Φ6","t",null,0.022]
[22,"040901001002","现浇构件钢筋（井圈钢筋）","1.钢筋种类:带肋钢筋\n2.钢筋规格:带肋钢筋 直径12mm","t",null,0.104]
[23,"011201001001","墙面一般抹灰","1.墙体类型:砖墙\n2.井内壁抹灰\n3.砂浆配合比：1:2水泥砂浆","m2",null,13.16]
[24,"011201001002","墙面一般抹灰","1.墙体类型:砖墙\n2.井外壁抹灰\n3.砂浆配合比：1:2水泥砂浆","m2",null,17.28]
[25,"011201001003","墙面一般抹灰","1.名称：井底抹灰\n2.砂浆配合比：1:2水泥砂浆","m2",null,2.65]
[26,"040201023001","盲沟","1.材料品种、规格:Φ200PVC渗水管","m",null,0.25]
[27,"010606013001","零星钢构件","1.构件名称:角钢L100*8井内沿","t",null,0.068]
[null,null,"分部小计"]
[null,null,"措施项目"]
[null,null,"分部小计"]
[]
[]
[]
[]
[]
[]
["本页小计"]
["合   计"]
["注：为计取规费等的使用，可在表中增设其中：“定额人工费”。"]
[{"$nulls":8},"表—08"]

{"sheet":"人民广场90米电缆沟加固","index":2,"n_rows":65,"n_cols":11,"rows_kept":65,"merged":[[0,0,0,10],[1,0,1,4],[1,5,1,7],[1,8,1,10],[2,0,4,0],[2,1,4,1],[2,2,4,2],[2,3,4,3],[2,4,4,5],[2,6,4,6],[2,7,2,10],[3,7,4,8],[3,9,4,9],[5,4,5,5],[5,7,5,8],[6,4,6,5],[6,7,6,8],[7,4,7,5],[7,7,7,8],[8,4,8,5],[8,7,8,8],[9,4,9,5],[9,7,9,8],[10,4,10,5],[10,7,10,8],[11,4,11,5],[11,7,11,8],[12,4,12,5],[12,7,12,8],[13,4,13,5],[13,7,13,8],[14,4,14,5],[14,7,14,8],[15,4,15,5],[15,7,15,8],[16,4,16,5],[16,7,16,8],[17,4,17,5],[17,7,17,8],[18,4,18,5],[18,7,18,8],[19,4,19,5],[19,7,19,8],[20,4,20,5],[20,7,20,8],[21,4,21,5],[21,7,21,8],[22,4,22,5],[22,7,22,8],[23,4,23,5],[23,7,23,8],[24,0,24,8],[25,0,25,10],[26,0,26,4],[26,5,26,7],[26,8,26,10],[27,0,27,10],[28,0,28,4],[28,5,28,7],[28,8,28,10],[29,0,31,0],[29,1,31,1],[29,2,31,2],[29,3,31,3],[29,4,31,5],[29,6,31,6],[29,7,29,10],[30,7,31,8],[30,9,31,9],[32,4,32,5],[32,7,32,8],[33,4,33,5],[33,7,33,8],[34,4,34,5],[34,7,34,8],[35,4,35,5],[35,7,35,8],[36,4,36,5],[36,7,36,8],[37,4,37,5],[37,7,37,8],[38,4,38,5],[38,7,38,8],[39,4,39,5],[39,7,39,8],[40,4,40,5],[40,7,40,8],[41,4,41,5],[41,7,41,8],[42,4,42,5],[42,7,42,8],[43,4,43,5],[43,7,43,8],[44,4,44,5],[44,7,44,8],[45,4,45,5],[45,7,45,8],[46,4,46,5],[46,7,46,8],[47,4,47,5],[47,7,47,8],[48,4,48,5],[48,7,48,8],[49,4,49,5],[49,7,49,8],[50,4,50,5],[50,7,50,8],[51,4,51,5],[51,7,51,8],[52,4,52,5],[52,7,52,8],[53,4,53,5],[53,7,53,8],[54,4,54,5],[54,7,54,8],[55,4,55,5],[55,7,55,8],[56,4,56,5],[56,7,56,8],[57,4,57,5],[57,7,57,8],[58,4,58,5],[58,7,58,8],[59,4,59,5],[59,7,59,8],[60,4,60,5],[60,7,60,8],[61,0,61,8],[62,0,62,8],[63,0,63,10],[64,0,64,4],[64,5,64,7],[64,8,64,10]]}
["分部分项工程和单价措施项目清单与计价表"]
["工程名称：人民广场90米电缆沟加固",{"$nulls":4},"标段：人民广场电缆沟加固工程",null,null,"第 1 页  共 2 页"]
["序号","项目编码","项目名称","项目特征描述","计量单位",null,"工程量","金额（元）"]
[{"$nulls":7},"综合单价",null,"合价","其中"]
[{"$nulls":10},"暂估价"]
[null,null,"整个项目"]
[1,"041001002001","拆除人行道","块料人行道拆除","m2",null,270,9.88,null,2667.6]
[2,"041001001001","拆除路面","混凝土路面拆除","m2",null,270]
[3,"010102001001","挖一般石方","混凝土块等建筑垃圾外运","m3",null,67.5]
[4,"010101002001","挖一般土方","土方开挖，三类土","m3",null,162]
[5,"010103002001","余方弃置","土方外运，运距10Km","m3",null,162]
[6,"041001008001","拆除混凝土结构","电缆沟沿降低拆除","m3",null,21.6]
[7,"040201022001","电缆沟盖板拆除、恢复安装","拆除恢复电缆沟盖板","m",null,20.25]
[8,"040501017001","混凝土方沟","混凝土现浇电缆沟沟沿","m3",null,8.64]
[9,"011702011001","电缆沟沿模板","电缆沟沿模板，胶合板模板，3.6米以内钢支撑","m2",null,72.1]
[10,"040901001001","现浇构件钢筋","电缆管沟沿现浇钢筋","t",null,0.91]
[11,"010512008001","沟盖板、井盖板、井圈","补充部分破损电缆沟盖板","m3",null,12.3]
[12,"011702015001","无梁板","电缆沟沿模板，胶合板模板，3.6米以内钢支撑","m2",null,148.98]
[13,"040203007001","水泥混凝土","混凝土现浇路面 C25砼  厚度20cm","m2",null,270]
[14,"040203006001","沥青混凝土","粗粒沥青路面  厚度7cm","m2",null,270]
[15,"040203006002","沥青混凝土","细粒沥青路面  厚度3cm","m2",null,270]
[16,"010515001002","现浇构件钢筋","现浇混凝土路面钢筋","t",null,4.881]
[17,"041106001001","大型机械设备进出场及安拆",null,"台．次",null,4]
[null,null,"分部小计"]
["本页小计"]
["注：为计取规费等的使用，可在表中增设其中：“定额人工费”。"]
[{"$nulls":8},"表—08"]
["分部分项工程和单价措施项目清单与计价表"]
["工程名称：人民广场90米电缆沟加固",{"$nulls":4},"标段：人民广场电缆沟加固工程",null,null,"第 2 页  共 2 页"]
["序号","项目编码","项目名称","项目特征描述","计量单位",null,"工程量","金额（元）"]
[{"$nulls":7},"综合单价",null,"合价","其中"]
[{"$nulls":10},"暂估价"]
[null,null,"措施项目"]
[null,null,"分部小计"]
{"$rows_empty":27}
["本页小计"]
["合   计"]
["注：为计取规费等的使用，可在表中增设其中：“定额人工费”。"]
[{"$nulls":8},"表—08"]